000 00455nam a2200205Ia 4500
003 0100
008 130303s9999 xx 000 0 und d
040 _cARRUPELIB
050 _aB1498.C5 1966
245 _aHume
260 _aNew York.
260 _bDoubleday Co.
260 _C1966
300 _a429p.
300 _b 17cm
440 _aModern studies in philosophy
650 _aPHILOSOPHY
700 _aChappell, V. C.(ed.)
942 0 0 _01
999 _c38376
_d38376